Personnages de Tintin au pays de l'or noir - Mort subite - Statistiques

Statistiques générales
  • Ce quiz a été pris 66 fois
  • Le résultat moyen est 4 sur 14
Answers on the Grid
Answers color-coded by a green-red scale on the quiz's grid according to % correct below.
Le capitaine Archibald Haddock
Dupond et Dupont
Le professeur Tryphon Tournesol
Bianca Castafiore
Roberto Rastapopoulos
Le général Alcazar
Nestor
Séraphin Lampion
Allan Thompson
Le docteur J.W. Müller
Le senhor Oliveira da Figueira
Patrash Pacha
Mohammed Ben Kalish Ezab
Youssouf Ben Moulfrid
Omar Ben Salaad
J.M. Dawson
Herbert Dawes
Joubert
Abdallah
Chaubet
Bab El Ehr
Piotr Szut
Le directeur de la Simoun
Le chat de Moulinsart
Mac O'Connor
Ahmed
Madame Lampion
Irma
 
Statistiques - réponses
Réponse % Correct
Dupond et Dupont
91%
Le capitaine Archibald Haddock
70%
Le docteur J.W. Müller
39%
Nestor
30%
Le senhor Oliveira da Figueira
27%
Mohammed Ben Kalish Ezab
27%
Abdallah
21%
Bab El Ehr
21%
Le directeur de la Simoun
18%
Youssouf Ben Moulfrid
15%
Ahmed
9%
Joubert
9%
Bianca Castafiore
6%
Mac O'Connor
6%
Aucun quiz correspondant
Distribution des résultats
% des personnes avec chaque résultat
Percentile par nombre de réponses
Votre historique - résultats
Vous n’avez pas pris ce quiz